| 000 | 00624nam a22002057a 4500 | ||
|---|---|---|---|
| 003 | 0 | ||
| 005 | 20250115123304.0 | ||
| 008 | 250115b xxu||||| |||| 00| 0 eng d | ||
| 020 | _a978-621-435-066-7 | ||
| 050 |
_aQH 308.2 _b.Ar68 2021 |
||
| 100 | _aArevalo, Ivan Joseph M. | ||
| 245 |
_aGeneral biology 1 _c Ivan Joseph M. Arevalo |
||
| 260 |
_aBulacan _bKLEAFS Publishing _c2021 |
||
| 300 |
_aviii, 176 pages : _billustrations and pictures ; _c26cm. |
||
| 504 | _aIncludes bibliographical references and glossary. | ||
| 650 | _aBiology. | ||
| 650 | _aCell Theory. | ||
| 650 | _aBiomolecules. | ||
| 942 |
_2lcc _cBK |
||
| 999 |
_c366978 _d366978 |
||